Introduction to logic / (Record no. 188526)
[ view plain ]
| 000 -LEADER | |
|---|---|
| fixed length control field | 00671 a2200217 4500 |
| 003 - CONTROL NUMBER IDENTIFIER | |
| control field | Nust |
| 005 - DATE AND TIME OF LATEST TRANSACTION | |
| control field | 20221221121136.0 |
| 010 ## - LIBRARY OF CONGRESS CONTROL NUMBER | |
| LC control number | 89037742 |
| 020 ## - INTERNATIONAL STANDARD BOOK NUMBER | |
| International Standard Book Number | 812032496X |
| 040 ## - CATALOGING SOURCE | |
| Transcribing agency | Nust |
| 082 00 - DEWEY DECIMAL CLASSIFICATION NUMBER | |
| Classification number | 160, COP |
| 100 1# - MAIN ENTRY--PERSONAL NAME | |
| Personal name | Copi, Irving M. |
| 9 (RLIN) | 78487 |
| 245 10 - TITLE STATEMENT | |
| Title | Introduction to logic / |
| Statement of responsibility, etc. | Irving M. Copi, Carl Cohen. |
| 250 ## - EDITION STATEMENT | |
| Edition statement | 11th ed. |
| 260 ## - PUBLICATION, DISTRIBUTION, ETC. | |
| Place of publication, distribution, etc. | New Dehli : |
| Name of publisher, distributor, etc. | Prentice-Hall of India; |
| -- | Collier Macmillan, |
| Date of publication, distribution, etc. | 2004 |
| 300 ## - PHYSICAL DESCRIPTION | |
| Extent | xiv, 569 p. : |
| Other physical details | ill. ; |
| Dimensions | 25 cm. |
| 505 ## - FORMATTED CONTENTS NOTE | |
| Formatted contents note | Part-1: Logic and Language (Page-1), Part-2: Education (Page-179), Part-3; Induction (Page-421). |
| 650 #0 - SUBJECT ADDED ENTRY--TOPICAL TERM | |
| Topical term or geographic name entry element | Logic |
| 9 (RLIN) | 3562 |
| 700 1# - ADDED ENTRY--PERSONAL NAME | |
| Personal name | Cohen, Carl, |
| Dates associated with a name | 1931- |
| 9 (RLIN) | 105519 |
| 942 ## - ADDED ENTRY ELEMENTS (KOHA) | |
| Source of classification or shelving scheme | |
| Koha item type | Book |
| Withdrawn status | Lost status | Source of classification or shelving scheme | Damaged status | Not for loan | Permanent Location | Current Location | Shelving location | Date acquired | Full call number | Barcode | Date last seen | Price effective from | Koha item type | Public note |
|---|---|---|---|---|---|---|---|---|---|---|---|---|---|---|
| Military College of Signals (MCS) | Military College of Signals (MCS) | General Stacks | 12/12/2016 | 160 ,COP | MCS31850 | 12/08/2016 | 12/12/2016 | Book | Almirah No.46, Shelf No.5 |
